1945 1793 1473 1333 1079 1931 1291 1632 1391 1373 1721 1846 1402 1756 1752 1688 1893 1051 1806 1136 1857 1770 1928 1782 1100 1566 1187 1461 1602 1612 1429 1048 1780 1688 1484 1470 1891 1488 1642 1136 1426 1563 1112 1203 1241 1067 1114 1993 1216 1479 1505 1041 1189 1212 1800 1573 1050 1841 1160 1878 1860 1071 1061 1869 1745 1978 1298 1644 1548 1319 1205 1575 1028 1420 1460 1590 1243 1293 1727 1581 1511 1721 1577 1296 1221 1473 1508 1684 1463 1726 1401 1242 1978 1949 1698 1175 1088 1016 1260 BCNSPRNW ULIB Ver.6.0+V

เปลี่ยนเป็นภาษาไทย

Change to English
 แสดงรายละเอียดบรรณานุกรม
  กลับหน้าหลัก

Brief Record : Get Marc (ISO 2709) : E-mail record : QR code < ปิดหน้าต่าง
LEADER : 00000nam 2200000uu 4500
001    13399128548
003     ULIB
008    230906s2562||||th 000 0 tha d
020    ^a9786164972001^c350
060 04 ^aWY156.5^bก492
245 00 ^aการพยาบาลผู้ป่วยที่มีลำไส้และรูเปิดทางหน้าท้อง :^bประสบการณ์จากผู้เชี่ยวชาญ = Enterostomal nursing care : experience from experts /^cบรรณาธิการ จุฬาพร ประสังสิต, กาญจนา รุ่งแสงจันทร์, ยุวรัตน์ ม่วงเงิน
246 31 ^aEnterostomal nursing care :^bexperience from experts
250    ^aพิมพ์ครั้งที่ 2
260    ^aกรุงเทพฯ :^bงานพัฒนาคุณภาพการพยาบาล ฝ่ายการพยาบาล โรงพยาบาลศิริราช คณะแพทยศาสตร์ศิริราชพยาบาล มหาวิทยาลัยมหิดล,^c2562
300    ^aviii, 262 หน้า :^bภาพประกอบ
504    ^aบรรณานุกรมท้ายเรื่อง
504    ^aดัชนีท้ายเล่ม
590    ^aGift-T-62
650  7 ^aกระเพาะอาหารและลำไส้, เนื้องอก^xการพยาบาล
650  7 ^aลำไส้, โรค^xศัลยกรรม
700 0  ^aจุฬาพร ประสังสิต,^eบรรณาธิการ
700 0  ^aกาญจนา รุ่งแสงจันทร์,^eบรรณาธิการ
700 0  ^aยุวรัตน์ ม่วงเงิน,^eบรรณาธิการ
710 2  ^aมหาวิทยาลัยมหิดล^bคณะแพทยศาสตร์ศิริราชพยาบาล^bโรงพยาบาลศิริราช
710 2  ^aโรงพยาบาลศิริราช^bฝ่ายการพยาบาล^bงานพัฒนาคุณภาพการพยาบาล
945    ^p350^l0^i29707
945    ^p350^l0^i29708
999    ^aกัณชพร จุลอักษร
รายการนี้ยังไม่มีแท็ก
คุณยังไม่ได้ล็อกอิน คุณสามารถมีกิจกรรมร่วมกับเว็บไซต์ได้ แต่ต้องล็อกอินก่อน ::
  ล็อกอิน

รายการสื่อสารสนเทศ

ลำดับที่ ประเภท เลขเรียก/บาร์โค้ด สถานที่ สถานะ
1. หนังสือสำรอง
หนังสือสำรอง
WY156.5 ก492 ฉ.1 
  Barcode: 29707
ห้องสมุดวิทยาเขตนครสวรรค์
►หนังสือทั่วไป:l:General Books
บนชั้น
2. วิทยาศาสตร์การแพทย์ และสุขภาพ
วิทยาศาสตร์การแพทย์ และสุขภาพ
WY156.5 ก492 ฉ.2 
  Barcode: 29708
ห้องสมุดวิทยาเขตนครสวรรค์
►หนังสือทั่วไป:l:General Books
บนชั้น

BibComment


ยังไม่เคยถูกคอมเมนท์

คอมเมนท์ทรัพยากรรายการนี้
  คอมเมนท์: การพยาบาลผู้ป่วย..


 Copyright 2026. Bcnsprnw @Library